आधुनिक भारतीय इतिहास (Record no. 1358)
[ view plain ]
| 000 -LEADER | |
|---|---|
| fixed length control field | 01053 a2200217 4500 |
| 005 - DATE AND TIME OF LATEST TRANSACTION | |
| control field | 20080908170232.0 |
| 008 - FIXED-LENGTH DATA ELEMENTS--GENERAL INFORMATION | |
| fixed length control field | 080908t xxu||||| |||| 00| 0 hin d |
| 010 ## - LIBRARY OF CONGRESS CONTROL NUMBER | |
| LC control number | HIN-79205 |
| 020 ## - INTERNATIONAL STANDARD BOOK NUMBER | |
| Terms of availability | 500.00 |
| International Standard Book Number | 8185789363 |
| 035 ## - SYSTEM CONTROL NUMBER | |
| System control number | HN-51551 |
| 037 ## - SOURCE OF ACQUISITION | |
| Source of stock number/acquisition | D.B.Act / pub |
| 082 ## - DEWEY DECIMAL CLASSIFICATION NUMBER | |
| Classification number | 954.09 |
| 100 ## - MAIN ENTRY--PERSONAL NAME | |
| Personal name | भार्गव, वी.एस. |
| 245 ## - TITLE STATEMENT | |
| Title | आधुनिक भारतीय इतिहास |
| Statement of responsibility, etc | वी.एस.भार्गव |
| 246 ## - VARYING FORM OF TITLE | |
| Title proper/short title | Adhunic bhartiya itihas |
| Remainder of title | by V.S.Bhargava |
| 260 ## - PUBLICATION, DISTRIBUTION, ETC. (IMPRINT) | |
| Place of publication, distribution, etc | जयपुर |
| Name of publisher, distributor, etc | रिसर्च पब्लिकेशन्स |
| Date of publication, distribution, etc | 2005 |
| 270 ## - ADDRESS | |
| Address | 89, त्रिपोलिया बाजार |
| City | जयपुर |
| Postal code | 2 |
| Telephone number | 014102318415 |
| 300 ## - PHYSICAL DESCRIPTION | |
| Extent | iv,362पृ |
| Dimensions | 22 सेमी (सजिल्द) |
| 942 ## - ADDED ENTRY ELEMENTS (KOHA) | |
| Institution code [OBSOLETE] | dpl |
| Koha item type | Hindi Books |
| Call number prefix | 954.09 / भार्गव |
| Source of classification or shelving scheme | Dewey Decimal Classification |
| Classification part | 954.09 |
| Call number suffix | भार्गव |
| Withdrawn status | Lost status | Damaged status | Not for loan | Collection code | Home library | Current library | Date acquired | Cost, normal purchase price | Total Checkouts | Full call number | Barcode | Date last seen | Copy number | Uniform Resource Identifier | Cost, replacement price | Price effective from | Koha item type |
|---|---|---|---|---|---|---|---|---|---|---|---|---|---|---|---|---|---|
| Not For Loan | Non-fiction | D.B.Act.Division | D.B.Act.Division | 08/09/2008 | 500.00 | 954.09 भार्गव | HN-51551 | 15/09/2008 | 1 | 1432 | 500.00 | 15/09/2008 | Hindi Books |
